GENERAL ANATOMY (Record no. 8255)

MARC details
000 -LEADER
fixed length control field 00327nam a22001577a 4500
003 - CONTROL NUMBER IDENTIFIER
control field SGT
020 ## - INTERNATIONAL STANDARD BOOK NUMBER
International Standard Book Number 978-91-312-3463-1
082 ## - DEWEY DECIMAL CLASSIFICATION NUMBER
Classification number 611
Item number G15S
100 ## - MAIN ENTRY--PERSONAL NAME
Personal name SINGH, VISHRAM
245 ## - TITLE STATEMENT
Title GENERAL ANATOMY
250 ## - EDITION STATEMENT
Edition statement 2ND
260 ## - PUBLICATION, DISTRIBUTION, ETC. (IMPRINT)
Place of publication, distribution, etc DELHI
Name of publisher, distributor, etc ELSEVIER
Year of Publication 2015
300 ## - PAGE DESCRIPTION
No. of Pages 235
650 ## - SUBJECT ADDED ENTRY--TOPICAL TERM
Topical term or geographic name as entry element ANATOMY
942 ## - ADDED ENTRY ELEMENTS (KOHA)
Source of classification or shelving scheme Dewey Decimal Classification
Koha item type Books
942 ## - ADDED ENTRY ELEMENTS (KOHA)
-- 18
Holdings
Withdrawn status Lost status Source of classification or shelving scheme Damaged status Not for loan Collection code Home library Current library Shelving location Date acquired Vendor Name Cost, normal purchase price SGTU Bill Number Total Checkouts Full call number Accession No. (Barcode) Date last seen Date last borrowed Bill Date Koha item type
    Dewey Decimal Classification     PHARMACY SGT FA-FP Library SGT FA-FP Library Text Book 27/02/2016 ABC DELHI 495.00 SGTU 6440 12 611 G15S FP1706 19/10/2023 28/09/2023 04/01/2016 Books
    Dewey Decimal Classification     PHARMACY SGT FA-FP Library SGT FA-FP Library Text Book 27/02/2016 ABC DELHI 495.00 SGTU 6440 24 611 G15S FP1707 09/10/2023 26/09/2023 04/01/2016 Books
    Dewey Decimal Classification     PHARMACY SGT FA-FP Library SGT FA-FP Library Text Book 27/02/2016 ABC DELHI 495.00 SGTU 6440 4 611 G15S FP1708 23/02/2022 30/05/2017 04/01/2016 Books
    Dewey Decimal Classification     PHARMACY SGT FA-FP Library SGT FA-FP Library Text Book 27/02/2016 ABC DELHI 495.00 SGTU 6440 8 611 G15S FP1709 06/02/2023 16/06/2017 04/01/2016 Books
    Dewey Decimal Classification     PHARMACY SGT FA-FP Library SGT FA-FP Library Text Book 27/02/2016 ABC DELHI 495.00 SGTU 6440 14 611 G15S FP1710 22/03/2024 12/03/2024 04/01/2016 Books
    Dewey Decimal Classification     PHARMACY SGT FA-FP Library SGT FA-FP Library Text Book 27/02/2016 ABC DELHI 495.00 SGTU 6440 17 611 G15S FP1711 28/03/2023 16/03/2023 04/01/2016 Books
    Dewey Decimal Classification     PHARMACY SGT FA-FP Library SGT FA-FP Library Text Book 27/02/2016 ABC DELHI 495.00 SGTU 6440 10 611 G15S FP1712 28/03/2023 16/03/2023 04/01/2016 Books
    Dewey Decimal Classification     PHARMACY SGT FA-FP Library SGT FA-FP Library Text Book 27/02/2016 ABC DELHI 495.00 SGTU 6440 15 611 G15S FP1713 10/01/2025 26/12/2024 04/01/2016 Books
    Dewey Decimal Classification     PHARMACY SGT FA-FP Library SGT FA-FP Library Text Book 27/02/2016 ABC DELHI 495.00 SGTU 6440 18 611 G15S FP1714 13/11/2023 09/11/2023 04/01/2016 Books
    Dewey Decimal Classification     PHARMACY SGT FA-FP Library SGT FA-FP Library Reference Book 27/02/2016 ABC DELHI 495.00 SGTU 6440 2 611 G15S FP1715 22/02/2022 09/02/2022 04/01/2016 Books